书目信息 |
| 题名: |
数独
|
|
| 作者: | 刘玲丽 编著 | |
| 分册: | ||
| 出版信息: | 北京 化学工业出版社 2010.04 |
|
| 页数: | 220页 | |
| 开本: | 21cm | |
| 丛书名: | ||
| 单 册: | ||
| 中图分类: | G898.2 | |
| 科图分类: | ||
| 主题词: | 智能游戏 | |
| 电子资源: | ||
| ISBN: | 978-7-122-05548-4 | |
| 000 | 00719nam0 2200229 450 | |
| 001 | 108760 | |
| 005 | 20100806143057.14 | |
| 010 | @a978-7-122-05548-4@dCNY16.00 | |
| 100 | @a20100515d2010 km y0chiy0120 ea | |
| 101 | 0 | @achi |
| 102 | @aCN@b110000 | |
| 105 | @aa z 000yy | |
| 200 | 1 | @a数独@Ashu du@e中、高级精选@f刘玲丽编著 |
| 210 | @a北京@c化学工业出版社@d2010.04 | |
| 215 | @a220页@c图@d21cm | |
| 330 | @a本书分谜题篇、答案篇,内容包括:初级谜题、中级谜题、高级谜题、终级谜题,答案篇附初级、中级、高级、终级的答案。 | |
| 517 | 1 | @a中、高级精选@Azhong、gao ji jing xuan |
| 606 | 0 | @a智能游戏 |
| 690 | @aG898.2@v4 | |
| 701 | 0 | @a刘玲丽@Aliu ling li@4编著 |
| 801 | 0 | @aCN@c20100515 |
| 905 | @dG898.2@eL640-2@f5 | |
| 数独:中、高级精选/刘玲丽编著.-北京:化学工业出版社,2010.04 |
| 220页:图;21cm |
| ISBN 978-7-122-05548-4:CNY16.00 |
| 本书分谜题篇、答案篇,内容包括:初级谜题、中级谜题、高级谜题、终级谜题,答案篇附初级、中级、高级、终级的答案。 |
| ● |
| 相关链接 |
|
|
|
正题名:数独
索取号:G898.2/L640-2
 
预约/预借
| 序号 | 登录号 | 条形码 | 馆藏地/架位号 | 状态 | 备注 |
| 1 | 998796 | 209987969 | 社科库409/409社科库 30排1列4层/ [索取号:G898.2/L640-2] | 在馆 | |
| 2 | 998797 | 209987978 | 社科库409/409社科库 30排1列5层/ [索取号:G898.2/L640-2] | 在馆 | |
| 3 | 998798 | 209987987 | 社科库409/409社科库 30排1列5层/ [索取号:G898.2/L640-2] | 在馆 | |
| 4 | 998799 | 209987996 | 社科库409/409社科库 30排1列5层/ [索取号:G898.2/L640-2] | 在馆 | |
| 5 | 998800 | 209988003 | 社科库409/409社科库 30排1列5层/ [索取号:G898.2/L640-2] | 在馆 |